| 000 | 00356nam a22001457a 4500 | ||
|---|---|---|---|
| 008 | 210305b ||||| |||| 00| 0 eng d | ||
| 020 | _a9781111530150 | ||
| 041 | _aeng | ||
| 080 |
_22nd _a004 |
||
| 082 | _a004 | ||
| 100 | _a28 | ||
| 101 | _aSHKI | ||
| 245 |
_aClearly Visual Basic Programming with Microsoft Visual Basic 2010 _cZak,D |
||
| 942 |
_2udc _cBK |
||
| 999 |
_c55792 _d55792 |
||